<?xml version="1.0" encoding="UTF-8"?>
<record
    xmlns:xsi="http://www.w3.org/2001/XMLSchema-instance"
    xsi:schemaLocation="http://www.loc.gov/MARC21/slim http://www.loc.gov/standards/marcxml/schema/MARC21slim.xsd"
    xmlns="http://www.loc.gov/MARC21/slim">

  <leader>00828nam a22002297a 4500</leader>
  <controlfield tag="005">20170123162353.0</controlfield>
  <datafield tag="010" ind1=" " ind2=" ">
    <subfield code="a">A-949222</subfield>
  </datafield>
  <datafield tag="020" ind1=" " ind2=" ">
    <subfield code="c">150.00</subfield>
  </datafield>
  <datafield tag="035" ind1=" " ind2=" ">
    <subfield code="a">A-949222</subfield>
  </datafield>
  <datafield tag="037" ind1=" " ind2=" ">
    <subfield code="b">Cen Lib/Ret</subfield>
  </datafield>
  <datafield tag="040" ind1=" " ind2=" ">
    <subfield code="a">DPL</subfield>
    <subfield code="b">UR</subfield>
  </datafield>
  <datafield tag="082" ind1=" " ind2=" ">
    <subfield code="a">552.1</subfield>
    <subfield code="b">&#x63A; &#x648; &#x631; </subfield>
  </datafield>
  <datafield tag="100" ind1=" " ind2=" ">
    <subfield code="a">&#x63A;&#x648;&#x631;&#x6CC;&#x60C; &#x634;&#x628;&#x6CC;&#x631; &#x627;&#x62D;&#x645;&#x62F; &#x62E;&#x627;&#x6BA; </subfield>
    <subfield code="9">109752</subfield>
  </datafield>
  <datafield tag="245" ind1=" " ind2=" ">
    <subfield code="a">/ &#x645;&#x633;&#x644;&#x645; &#x639;&#x644;&#x645; &#x627;&#x644;&#x6C1;&#x6CC;&#x62A; </subfield>
    <subfield code="c">&#x634;&#x628;&#x6CC;&#x631; &#x627;&#x62D;&#x645;&#x62F; &#x62E;&#x627;&#x6BA; &#x63A;&#x648;&#x631;&#x6CC;</subfield>
  </datafield>
  <datafield tag="246" ind1=" " ind2=" ">
    <subfield code="a">Muslim ilm alhiyat /</subfield>
    <subfield code="b">by Shabir Ahmad Khan Ghauri</subfield>
  </datafield>
  <datafield tag="260" ind1=" " ind2=" ">
    <subfield code="a">&#x67E;&#x679;&#x646;&#x6C1; </subfield>
    <subfield code="b">&#x62E;&#x62F;&#x627; &#x628;&#x62E;&#x634; &#x648;&#x631;&#x626;&#x6CC;&#x6D2;&#x646;&#x679;&#x644; &#x67E;&#x628;&#x644;&#x6A9; &#x644;&#x627;&#x626;&#x628;&#x631;&#x6CC;&#x631;&#x6CC; </subfield>
    <subfield code="c">1998</subfield>
  </datafield>
  <datafield tag="270" ind1=" " ind2=" ">
    <subfield code="a">&#x62E;&#x62F;&#x627; &#x628;&#x62E;&#x634; &#x648;&#x631;&#x626;&#x6CC;&#x6D2;&#x646;&#x679;&#x644; &#x67E;&#x628;&#x644;&#x6A9; &#x644;&#x627;&#x626;&#x628;&#x631;&#x6CC;&#x631;&#x6CC;  </subfield>
    <subfield code="b">&#x67E;&#x679;&#x646;&#x6C1; </subfield>
  </datafield>
  <datafield tag="300" ind1=" " ind2=" ">
    <subfield code="a">388p.</subfield>
    <subfield code="c">21cm(Hb)</subfield>
  </datafield>
  <datafield tag="650" ind1=" " ind2=" ">
    <subfield code="a">&#x645;&#x630;&#x6C1;&#x628; &#x627;&#x633;&#x644;&#x627;&#x645; &#x627;&#x648;&#x631; &#x633;&#x627;&#x626;&#x646;&#x633;</subfield>
    <subfield code="9">111153</subfield>
  </datafield>
  <datafield tag="650" ind1=" " ind2=" ">
    <subfield code="a">Islam and Science</subfield>
    <subfield code="9">137603</subfield>
  </datafield>
  <datafield tag="942" ind1=" " ind2=" ">
    <subfield code="2">ddc</subfield>
    <subfield code="c">UR</subfield>
    <subfield code="h">552.1</subfield>
    <subfield code="m">&#x63A; &#x648; &#x631; </subfield>
  </datafield>
  <datafield tag="999" ind1=" " ind2=" ">
    <subfield code="c">109388</subfield>
    <subfield code="d">109388</subfield>
  </datafield>
  <datafield tag="952" ind1=" " ind2=" ">
    <subfield code="0">0</subfield>
    <subfield code="1">0</subfield>
    <subfield code="4">0</subfield>
    <subfield code="7">0</subfield>
    <subfield code="a">L</subfield>
    <subfield code="b">L</subfield>
    <subfield code="d">2016-03-09</subfield>
    <subfield code="e">Cen Lib/Ref</subfield>
    <subfield code="g">150.00</subfield>
    <subfield code="l">0</subfield>
    <subfield code="o">552.1 &#x63A; &#x648; &#x631;</subfield>
    <subfield code="p">A-949222</subfield>
    <subfield code="r">2016-03-09 00:00:00</subfield>
    <subfield code="t">1</subfield>
    <subfield code="v">150.00</subfield>
    <subfield code="w">2016-03-09</subfield>
    <subfield code="y">UR</subfield>
  </datafield>
</record>
